MDQL
is popping MORE tags! Check the
thread
!
Quizzes
Events
Quiz Creation
Community
Videos
Private Events
Remove Ads
Sign In
Join for FREE
Feedback
Dark Mode
Quiz Categories
Sports
Geography
Music
Movies
Television
Just For Fun
Miscellaneous
History
Literature
Language
Science
Gaming
Entertainment
Religion
Holiday
For Kids
Quiz Lab
Recent
Popular Today
Quiz Kudos Today
Editor Picks
Curator Picks
Quizzes by...
Day
Popularity
Type
Ratings
Length
Year
Community
Subscriptions
Recent Discussions
Orange Saloon
Badges
Playlists
Quests
Create
Leaderboards
Showdown
Live 5
Trivia Bingo
Activity
Puzzle Library
Sporcle Events
Private Events
Virtual Trivia
Globe League
Become a Host
Pub Owners
SporcleCon
Opinionation
Our Games
Videos
Blog
Mobile Apps
Partnerships
Remove Ads and Go Orange
Feedback
Language
Vocabulary
Begins and Ends
Definition
Spanish
French
German
Italian
Chinese
Latin
Translation
Japanese
Language
Vocabulary
Begins and Ends
Definition
Spanish
French
German
Italian
Chinese
Latin
Translation
Japanese
Random Quiz
Search Sporcle
×
Quiz Lab
Quiz Lab
Language
Latin
Type in answers that appear in a list
Type in answers that appear in a list
Classic
Best Score? Go Orange.
Common words for A Level Latin verse unseens 2/2 Stats
Can you name the Common words for A Level Latin verse unseens?
By
tessdurberville
20m
125 Questions
38 Plays
38 Plays
38 Plays
Comments
Comments
Give Quiz Kudos
Give Quiz Kudos
-
- Ratings
hide this ad
Forced Order
Answers have to be entered in order
Answers have to be entered in order
Random Order
Randomize order of answers
Randomize order of answers
Replay
Link that replays current quiz
Next Quiz
Link to next quiz in quiz playlist
You Got
0%
They Got
Avg Score
65%
Avg Friend Score
Upgrade to see
Score Distribution
Jump to the score distribution portion of the page
Score
0/125
Timer
20:00
0
Plays Today
Hint
Answer
% Correct
lupus
wolf
92.1%
sanguineus
bloody
89.5%
penna
feather
86.8%
vacca
cow
86.8%
lumen
light
84.2%
pectus
breast
84.2%
piscis
fish
84.2%
mortalis
mortal
81.6%
Musa
Muse
81.6%
purpureus
purple
81.6%
stella
star
81.6%
virgo
girl
81.6%
Zephyrus
the west wind
81.6%
mirus
wonderful
78.9%
nubes
cloud
78.9%
nubilus
cloudy
78.9%
pastor
shepherd
78.9%
puppis
stern
78.9%
ter
three times
78.9%
varius
various
78.9%
vinc(u)lum
fastening
78.9%
maestus
sad
76.3%
osculum
kiss
76.3%
ovis
sheep
76.3%
serenus
clear
76.3%
spargo
scatter
76.3%
turpis
ugly
76.3%
vates
prophet
76.3%
velo
cover
76.3%
leniter
gently
73.7%
letum
death
73.7%
misceo
mix
73.7%
nocturnus
nocturnal
73.7%
pelagus
sea
73.7%
preces
prayers
73.7%
premo
press
73.7%
rosa
red
73.7%
vela
sails
73.7%
votum
vow
73.7%
lassus
tired
71.1%
navita
sailor
71.1%
niveus
snowy
71.1%
Hint
Answer
% Correct
os
bone
71.1%
Penates
household gods
71.1%
pluma
feather
71.1%
polus
pole
71.1%
protinus
on/from the spot
71.1%
querella
complaint
71.1%
sidus
star
71.1%
sinus
fold
71.1%
subeo
go under
71.1%
tenuis
thin
71.1%
tepeo
be warm
71.1%
lacero
tear
68.4%
nix
snow
68.4%
Orcus
the god of the underworld
68.4%
pictus
painted
68.4%
pontus
sea
68.4%
singuli
one each
68.4%
superi
the gods
68.4%
tenebrae
darkness
68.4%
tener
soft
68.4%
Lar
household god
65.8%
marmor
marble
65.8%
perfundo
pour over
65.8%
questus
complaint
65.8%
rivus
stream
65.8%
tarurus
bull
65.8%
moles
mass
63.2%
mundus
the world
63.2%
nimium
too much
63.2%
numen
divine power
63.2%
pavidus
trembling
63.2%
priscus
old
63.2%
rubeo
be red
63.2%
seges
corn
63.2%
spiro
breathe
63.2%
stupeo
be amazed
63.2%
uvidus
damp
63.2%
vado
go
63.2%
volucris
bird
63.2%
lepidus
charming
60.5%
nefas
wickedness
60.5%
Notus
the south wind
60.5%
Hint
Answer
% Correct
ros
dew
60.5%
sono
make a noise
60.5%
immitis
rough
57.9%
lacertus
arm
57.9%
limen
threshold
57.9%
propero
hurry
57.9%
ramus
branch
57.9%
ratis
raft
57.9%
sileo
be silent
57.9%
sors
lot
57.9%
tellus
eath
57.9%
torus
couch
57.9%
ver
spring
57.9%
nemus
grove
55.3%
proles
offspring
55.3%
vallis
valley
55.3%
inanis
empty
52.6%
luctus
grief
52.6%
paternus
of a father
52.6%
pinus
pine-tree
52.6%
robur
oak
52.6%
sacrum
religious rite
52.6%
orbus
deprived
50%
rupes
rock
50%
sterno
spread
50%
prora
prow
47.4%
limes
boundary
44.7%
perennis
through the years
44.7%
plango
strike
44.7%
remigium
rowing
44.7%
lignum
wood
42.1%
lucus
grove
42.1%
merus
undiluted
42.1%
niteo
shine
42.1%
penitus
deep within
42.1%
sedulus
busy
42.1%
manes
spirits of the dead
39.5%
nitor
rest on
39.5%
pratum
meadow
39.5%
vadum
shallow water
34.2%
pecus
cattle
31.6%
Quiz Playlist
Details
Report
Send in Message
Add To Playlist
Classic:
Type in answers that appear in a list
Forced Order:
Answers have to be entered in order
Random Order:
Randomize order of answers
Last Updated: Apr 3, 2017
Quiz Scoreboard
CHALLENGE
Sign Up to Join the Scoreboard
Show All
Scores
Hide
Comments
May contain spoilers
Recently Published
5x2 Blitz: Bands
by SL_Kpop136
Music
30s
Colored Red Africa Blitz
by spor1
Geography
30s
Find the 'City' Movie
by crazypaving
Movies
60s
More to Explore
Quiz From the Vault
Featured Blog Post
14 Easter Pick-up Lines to Find Eggs With
hide this ad
You Might Also Like...
Tags
Latin Quiz
Verse Quiz
A-Level
common
Level
Today's Top Quizzes in Language
Browse Language
hide this ad
Today's Top Quizzes in Latin
Browse Latin
Top Contributed Quizzes in Language
1
What Word Starts All?
2
Arabic Numerals
3
1-10 Letter F Words III
4
1-10 Letter G Words III
5
1-10 Letter H Words III
6
1-10 Letter I Words III
7
Latihan Huruf Hiragana KA KI KU KE KO
8
Weisst du, aus welchen Sprachen diese Wörter stammen?
9
1-10 Letter J Words III
10
1-10 Letter K Words III
Explore More
Trending Topics
Crossword
Harry Potter
Disney
Marvel
Kpop
NBA
Anime
Puzzle
NFL
Song
Soccer
Pokémon
The Office
Country
WWE
hide this ad
More By:
tessdurberville
Quiz
Plays
Rating
Category
Featured
Created
AQA GCSE History B Roaring 20s
229
5.00
History
Jun 6, 2015
Establishing Communist Rule (China) A Level History
108
5.00
History
Dec 10, 2015
Industry and Agriculture USSR (A Level History)
86
History
Dec 5, 2015
Control of Party and State USSR (A Level History)
82
History
Dec 5, 2015
Control of People USSR (A Level History)
70
History
Feb 29, 2016
Go to Creator's Profile
Score Distribution
Quiz Creator Spotlight
tessdurberville
Follow
Send a Message
Quizzes Created
-
Created Quiz Play Count
-
More By This Creator
Popular Quizzes Today
1
Colored Red Africa Blitz
2
Find the US States - No Outlines Minefield
3
Find the 'City' Movie
4
5x2 Blitz: Bands
5
The Countries of the World
6
Find the US States
7
US States
8
Find the Countries of Europe - No Outlines Minefield
More Language Quizzes
Halved 4-Letter Words
Published
Trending Quizzes
Colored Red Europe Blitz I
Colored Red Europe Blitz II
Colored Red Africa Blitz II
Colored Red Europe Blitz III
Colored Red Africa Blitz III
Recently Updated
How Do You Spell That?
pecheneg
Godzilla Movies
pecheneg
Grab Bag: 4-10 Letters
pecheneg
2024 March Madness Bracket
pecheneg
Famous TV Couples
Peacemaker
Champions League XIs: Real Madrid
pecheneg
Largest US Cities 1790-2010
pecheneg
Rides in Walt Disney World
pecheneg
Most Oscar Losses (Acting)
pecheneg
Beyoncé Albums
pecheneg
Trending Topics
Crossword
Harry Potter
Marvel
Anime
Disney
Kpop
NBA
WWE
NFL
Pokémon
The Office
Country
Song
Puzzle
Soccer
Your Account Isn't Verified!
In order to create a playlist on Sporcle, you need to verify the email address you used during registration. Go to your
Sporcle Settings
to finish the process.
Report this User
Report this user for behavior that violates our
Community Guidelines
.
Details:
Send Report
Go to the Sporcle.com Mobile Site →
Comments